Responses for Show #4535 - Friday, April 30, 2004

(Michael Buffer: And now, ladies and gentlemen, let's get ready to play Jeopardy!)

Contestants

[<< previous game]

Jennifer Morgan, an attorney from San Juan Capistrano, California

Al Davis, a software test engineer from Everett, Washington

Don Kraft, an emergency physician from Huntington, West Virginia (whose 1-day cash winnings total $28,800)

[next game >>]

Jeopardy! Round responses

EUROPEAN HISTORY
I DO KNOW JACK
RHYMING BRANDS
OUR FEATHERED FRIENDS
SEASONING GREETINGS
BY THE NUMBERS
    $200 1
Greece

Don
    $200 13
Jack Benny

Don
    $200 22
Swiss Miss

Al
    $200 11
hummingbirds

Don
    $200 12
(Jennifer: What is celery?)

salt

Jennifer
Triple Stumper
    $200 4
88

Al
    $400 2
Romania

Al
    $400 14
Jack Palance

Al
    $400 23
Yoo-Hoo

Al
    $400 15
the owl

Al
    $400 24
(Alex: Minute to go now.)

saffron

Triple Stumper
    $400 5
(Al: What is 50?)
(Alex: That was FDR in the photo.)

48

AlJennifer
    $600 3
Louis XVI

Al
    $600 19
Jack Paar

Don
    $600 28
Lean Cuisine

Jennifer
    $600 16
Madagascar

Al
    $600 25
rosemary

Jennifer
    $600 8
28

Al
    $800 6
Danes

Al
    $800 20
Jack Lord

Al
    $800 29
Jelly Belly

Jennifer
    $800 17
(Don: What is a flamingo?)

pelican

DonAl
    $800 26
sage

Don
    $2,200 9
(Al: What are albums...LPs?)

78s

Al
    $1000 7
El Cid

Al
    $1000 21
Jack Nicholson

Jennifer
    $1000 30
(Al: What is Hubba Bubba?)

Dubble Bubble

Al
Triple Stumper
    $1000 18
goose

Triple Stumper
    $1000 27
anise

Al
    $1000 10
8

Al

Scores at the first commercial break (after clue 16):

Don Al Jennifer
$600 $3,400 $200

Scores at the end of the Jeopardy! Round:

Don Al Jennifer
$1,200 $5,600 $3,200

Double Jeopardy! Round responses

THE OLD TESTAMENT
BROADWAY LYRICS
RING ANNOUNCER
PLACES TO PAY IN PESOS
"PIT"TER, "PAT"TER
LITTLE FEAT
    $400 22
Lot

Don
    $400 12
an ear

Al
    $400 1
Odin

Don
    $400 17
Cuba

Al
    $400 6
pittance

Al
    $400 11
bit

Don
    $1,000 26
Moses

Al
    $800 2
the Valkyries

Al
    $800 18
Argentina

Al
    $800 7
patio

Al
    $800 13
(Jennifer: What is Vermont?)
(Don: What is Maine?)

Hawaii

DonAlJennifer
    $1200 27
Judges

Triple Stumper
    $1200 23
"Comedy Tonight"

Don
    $1200 3
Siegfried

Al
    $1200 19
Colombia

Jennifer
    $1200 8
pitfall

Al
    $1200 14
piccolo

Al
    $1600 28
(Jennifer: What is "the Great"?)
...
(Alex: Sounds important!)
[The end-of-round signal sounds.]

Prophet

Jennifer
Triple Stumper
    $1600 24
"My Heart Belongs to Daddy"

Triple Stumper
    $1600 4
(Don: Who is Andromeda?)
(Jennifer: Who is Lorelei?)
(Al: Who is Sieglied?)

Brunhilde

DonAlJennifer
Triple Stumper
    $1600 20
Chile

Jennifer
    $1,400 9
(Alex: The governor of New York.)

(George) Pataki

Al
    $1600 15
(Al: What is a half-penny?)

half-cent

Al
    $2000 25
(Alex: Less than a minute to go now.)

Bali Ha'i

Al
    $2000 5
(Alex: Our thanks to Michael Buffer!)

the Rhine maidens

Al
    $2000 21
the Dominican Republic

Al
    $2000 10
patella

Al
    $2000 16
Luxembourg

Jennifer

Scores at the end of the Double Jeopardy! Round:

Don Al Jennifer
$1,200 $24,000 $4,000
(lock game)

[wagering suggestions for these scores]

Final Jeopardy! Round responses

18th CENTURY BRITISH NOVELS
DonWho are King's Daughters
$1,200
JenniferWho is Oliver Twist?
$0
AlWho is the Count of Monte Cristo
$6,000
Robinson Crusoe

Final scores:

Don Al Jennifer
$0 $18,000 $4,000
3rd place: $1,000 New champion: $18,000 2nd place: $2,000

Game dynamics:

Coryat scores:

Don Al Jennifer
$1,200 $26,200 $4,000
9 R,
3 W
32 R
(including 2 DDs),
4 W
(including 1 DD)
8 R,
4 W

Combined Coryat: $31,400

[game clues] [game scores] [suggest correction]

Game tape date: 2004-02-04
The J! Archive is created by fans, for fans. Scraping, republication, monetization, and malicious use prohibited; this site may use cookies and collect identifying information. See terms. The Jeopardy! game show and all elements thereof, including but not limited to copyright and trademark thereto, are the property of Jeopardy Productions, Inc. and are protected under law. This website is not affiliated with, sponsored by, or operated by Jeopardy Productions, Inc. Join the discussion at JBoard.tv.